Employment news (Record no. 156824)

MARC details
000 -LEADER
fixed length control field 00378nam a22001337a 4500
005 - DATE AND TIME OF LATEST TRANSACTION
control field 20180901122340.0
008 - FIXED-LENGTH DATA ELEMENTS--GENERAL INFORMATION
fixed length control field 090122t xxu||||| |||| 00| 0 eng d
082 ## - DEWEY DECIMAL CLASSIFICATION NUMBER
Classification number 050
245 ## - TITLE STATEMENT
Title Employment news
260 ## - PUBLICATION, DISTRIBUTION, ETC. (IMPRINT)
Place of publication, distribution, etc New Delhi
Name of publisher, distributor, etc Publication Division, Ministry of I. & B.
Date of publication, distribution, etc 1967-
300 ## - PHYSICAL DESCRIPTION
Extent v.
Dimensions 34 cm
310 ## - CURRENT PUBLICATION FREQUENCY
Current publication frequency weekly
942 ## - ADDED ENTRY ELEMENTS (KOHA)
Source of classification or shelving scheme Dewey Decimal Classification
Item type Periodicals
Serial record 1
Classification part 050 EMP
Holdings
Withdrawn status Lost status Source of classification or shelving scheme Damaged status Not for loan Collection code Home library Current library Shelving location Date acquired Total Checkouts Full call number Date last seen Price effective from Koha item type
    Dewey Decimal Classification     Reference Sarojini Nagar Sarojini Nagar On Display 01/09/2018   050 EMP 01/09/2018 01/09/2018 Periodicals

© Delhi Public Library
Hit Counter
free hit counter